000 00653nam a22002177a 4500
003 BUBTL
008 221204b ||||| |||| 00| 0 eng d
020 _a9781138807174
082 _a325.3/ L8731c/ 2015
100 _95016
_aLoomba, Ania
245 _aColonialism/ Postcolonialism /
_cAnia Loomba
250 _a3rd Edn.
260 _aLondon:
_bRoutledge Taylor & Francis Group,
_cc2015
300 _aviii, 304 p.:
_c22 cm.
500 _aIncludes Index
505 _aColonialism, Postcolonialism, Ania Loomba, English
650 0 _91994
_aEnglish Literature
856 _k0
_l0
_yDownload
942 _2ddc
_cBK
999 _c6851
_d6851